000 00688nam a22002417a 4500
003 UA-OsUOA
001 114846
007 ta
008 20151124b un ||||| |||| 00| 0 ukr d
100 _aГребінка Є.
090 _a821.161.2
_bГ79
942 _cBK
040 _aUA-OsUOA
_bukr
_cUA-OsUOA
_dUA-OsUOA
245 _aБайки та вірші
_bдля середнього та старшого шкільного віку
300 _a224 с.
955 _a3
041 _aukr
080 _a821.161.2
020 _a966-661-720-Х
260 _aК.
_bШкола
_c2009
650 7 _a82 Література. Літературознавство
_2UDC
999 _c401117
_d401117